Las drogas y la salud pública: ¿hacia dónde vamos? /
Salvato in:
| Autore principale: | |
|---|---|
| Altri autori: | , , |
| Natura: | testo |
| Tags: |
Aggiungi Tag
Nessun Tag, puoi essere il primo ad aggiungerne!!
|
MARC
| LEADER | 00000 a a2200000 04500 | ||
|---|---|---|---|
| 001 | 47377 | ||
| 003 | |||
| 040 | |||
| 100 | |a Medina-Mora, María Elena | ||
| 245 | |a Las drogas y la salud pública: |b ¿hacia dónde vamos? / |c María Elena Medina-Mora, Tania Real, Jorge Villatoro, Guillermina Natera | ||
| 700 | |a Real, Tania | ||
| 700 | |a Villatoro, Jorge | ||
| 700 | |a Natera, Guillermina | ||
| 773 | |g volumen55, número1, (2013), páginas 67-73 | ||
| 999 | |c 29408 |d 29408 | ||
